| 000 | 00364nam a2200109Ia 4500 | ||
|---|---|---|---|
| 008 | 160909s9999 xx 000 0 und d | ||
| 100 | _aLuu, David | ||
| 245 | _aFull cranial prosthesis: Dig Your Wig | ||
| 260 |
_bCalifornia State University, Long Beach. _c2016 |
||
| 650 | _aMARKETING MANAGEMENT | ||
| 856 | _uhttp://pqdtopen.proquest.com/doc/1803938825.html?FMT=ABS | ||
| 999 |
_c304774 _d304774 |
||